| 000 | 01555cam a2200373 a 4500 | ||
|---|---|---|---|
| 001 | EDZ0000085655 | ||
| 003 | StDuBDS | ||
| 005 | 20161031105138.0 | ||
| 006 | m||||||||d|||||||| | ||
| 007 | cr ||||||||||| | ||
| 008 | 120523s1995 cau fo| 001|0|eng d | ||
| 020 |
_a9781452225753 (ebook) : _cNo price |
||
| 040 |
_aStDuBDS _beng _cStDuBDS _epn |
||
| 049 | _aAlfaisal Main Library | ||
| 050 | 4 | _aRT86.5 | |
| 082 | 0 | 4 |
_a610.7301 _223 |
| 245 | 0 | 0 |
_aIn search of nursing science _h[electronic resource] / _cedited by Anna Omery, Christine E. Kasper, Gayle G. Page. |
| 260 |
_aThousand Oaks, Calif. ; _aLondon : _bSAGE, _cc1995. |
||
| 300 | _a1 online resource (xii, 308 p.) | ||
| 520 | 8 | _aThe contributors analyse the major schools of thought in contemporary Western science in order to arrive at a philosophy (or philosophies) of science consistent with the discipline of nursing. They examine traditional empiricist views of science, and the schools of thought that challenge them. | |
| 521 | _aSpecialized. | ||
| 588 | _aDescription based on print version record. | ||
| 504 | _aIncludes bibliographical references and index. | ||
| 650 | 0 |
_aNursing _xPhilosophy. |
|
| 650 | 0 |
_aScience _xPhilosophy. |
|
| 655 | 7 |
_aElectronic books. _2local |
|
| 700 | 1 | _aOmery, Anna. | |
| 700 | 1 | _aKasper, Christine E. | |
| 700 | 1 | _aPage, Gayle G. | |
| 710 | 2 | _aSage eBooks | |
| 776 | 0 | 8 |
_iPrint version : _z9780803950948 |
| 856 | 4 | 0 | _uhttp://ezproxy.alfaisal.edu/login?url=http://sk.sagepub.com/books/in-search-of-nursing-science |
| 942 |
_2lcc _cEBOOKS |
||
| 999 |
_c480275 _d480275 |
||